Normal view MARC view

Entry Personal Name

Number of records used in: 2

001 - CONTROL NUMBER

  • control field: 86602

003 - CONTROL NUMBER IDENTIFIER

  • control field: dpl

005 - DATE AND TIME OF LATEST TRANSACTION

  • control field: 20260120104937.0

008 - FIXED-LENGTH DATA ELEMENTS

  • fixed length control field: 260120|| aca||aabn | a|a d

040 ## - CATALOGING SOURCE

  • Original cataloging agency: dpl
  • Transcribing agency: dpl

100 ## - HEADING--PERSONAL NAME

  • Personal name: प्रशान्त कुमार सिंह

670 ## - SOURCE DATA FOUND

  • Source citation: Work cat.: (dpl)214287: जैन, निशान्त 86601, हिन्दी साहित्य तथ्यो के आलोक में :, 2025

© Delhi Public Library
Hit Counter
free hit counter